000 02662cam a2200313 4500500
005 20260111080117.0
041 _afre
042 _adc
100 1 0 _aJouhanneau, Cécile
_eauthor
245 0 0 _aAu cœur du gouvernement internationalisé de la sortie de guerre
260 _c2020.
500 _a37
520 _aLa guerre transforme-t-elle la fabrique de l’action publique et si oui, comment ? En prenant pour objet un segment négligé de l’action publique en Bosnie-Herzégovine, le service public de l’emploi, on met en évidence les continuités relatives du gouvernement de l’emploi avant, pendant et après la guerre de 1992-1995. L’enquête conduite à différents niveaux de la fabrique de l’action publique, des institutions financières internationales aux échelons entitaires, cantonaux et municipaux suggère que les relations entre les agents de l’intervention de paix et leurs interlocuteurs politiques bosniens sont faites de dépendance mutuelle et de pratiques d’externalisation du travail bureaucratique. De façon similaire à la Yougoslavie socialiste, les partis de gouvernement pèsent de façon discrète sur la fabrique de ces politiques. Apparaissent ainsi certaines modalités contemporaines de gouvernement internationalisé.
520 _aDoes war transform policy-making, and if so, how ? By scrutinizing an oft-neglected public policy in Bosnia – public employment services – this article highlights the relative continuities of employment policies before, during and after the 1992-1995 war. A multi-level investigation conducted with international financial institutions as well as local, cantonal and municipal actors reveals that the relations between peacebuilders and their Bosnian interlocutors feature mutual dependence and the externalisation of bureaucratic labour. Like in socialist Yugoslavia, local ruling parties discreetly weigh on policy-making, and this despite the emergence today of some internationalised governance modalities.
690 _aBosnie-Herzégovine
690 _aconditionnalité
690 _agouvernement internationalisé
690 _apeacebuilding
690 _aservice public de l’emploi
690 _asortie de guerre
690 _aBosnia and Herzegovina
690 _aconditionality
690 _ainternationalised governance
690 _apeacebuilding
690 _apostwar
690 _apublic employment service
786 0 _nGouvernement et action publique | VOL. 8 | 4 | 2020-02-05 | p. 73-96 | 2260-0965
856 4 1 _uhttps://shs.cairn.info/revue-gouvernement-et-action-publique-2019-4-page-73?lang=fr&redirect-ssocas=7080
999 _c1615908
_d1615908